| 000 | 00362nam a2200133Ia 4500 | ||
|---|---|---|---|
| 005 | 20251222142031.0 | ||
| 008 | 251222s9999||||xx |||||||||||||| ||spa|| | ||
| 020 | _a84-7908-369-7 | ||
| 082 | _a467.1/R93 | ||
| 100 | _aRuiz Núñez, José Manuel | ||
| 245 | 0 | _aEl Léxico Agrícola Según El Atlas De Cantabria | |
| 264 | _bUniversidad de Alicante | ||
| 942 | _cLIB | ||
| 999 |
_c10970 _d10970 |
||